000 00642nam a2200241Ia 4500
003 OSt
005 20220928103350.0
006 a|||||r|||| 00| 0
007 ta
008 220927b |||||||| |||| 00| 0 eng d
024 _a26789
037 _cTextual
040 _aSDCL
_cSDCL
_beng
041 _2eng
_aeng
082 _aO15,2D36,1, N9
100 _aShudrak
_9403762
245 0 _aMrichkatik.
260 _aNew Delhi
_bRashtriye Ntaye Vidyalaya
_c1999
300 _a212p
_ccm.
700 _a Rakesh Mohan Cm.
_9403763
942 _hO15,2D36,1, N9
_cTEXL
_2CC
999 _c719531
_d719531